<The> Spa Book <The> Official Guide to Spa Therapy

Saved in:
Bibliographic Details
Main Author: Crebbin-Bailey, Jane
Other Authors: Harcup, John, Harrington, John
Format: Book
Language:English
Published: Hampshire Cengage Learning EMEA 2011
Subjects:
Tags: Add Tag
No Tags, Be the first to tag this record!

MARC

LEADER 00000nam a2200000 4500
001 0277187
005 20240315121816.1
020 |a 9781861529176 
020 |a 1-86152-917-1 
041 0 |a eng 
044 |a GB 
245 1 0 |a <The> Spa Book  |b <The> Official Guide to Spa Therapy  |c Jane Crebbin-Bailey, Dr John Harcup, John Harrington 
264 1 |a Hampshire  |b Cengage Learning EMEA  |c 2011 
300 |a 244 s. 
610 2 0 |a kúpele 
610 2 0 |a kúpeľníctvo 
610 2 0 |a starostlivosť o zdravie 
610 2 0 |a podnikanie 
100 1 |a Crebbin-Bailey, Jane 
700 1 |a Harcup, John 
700 1 |a Harrington, John